[Event "Niederrhein-ch"]
[Site "Solingen"]
[Date "2016.03.20"]
[Round "2"]
[White "Busse, Helmut"]
[Black "Ruprecht, Thomas"]
[Result "1-0"]
[WhiteElo "2120"]
[BlackElo "1971"]
[PlyCount "55"]
[EventDate "2016.03.19"]
[EventType "swiss"]
[EventRounds "7"]
[EventCountry "GER"]
[SourceTitle "EXT 2018"]
[Source "ChessBase"]
[SourceDate "2017.10.13"]
[SourceVersion "1"]
[SourceVersionDate "2017.10.13"]
[SourceQuality "1"]

1. e4 d5 2. exd5 Qxd5 3. Nc3 Qa5 4. d4 Nf6 5. Nf3 Bf5 6. Bd3 e6 7. 0-0 c6 8. Ne5 Bxd3 9. Qxd3 Nbd7 10. Nc4 Qc7 11. Qf3 Nd5 12. Ne4 N7f6 13. Re1 Nxe4 14. Qxe4 b5 15. Ne5 Bd6 16. Nf3 h6 17. a4 b4 18. Bd2 a5 19. c4 Nf6 20. Qe2 0-0 21. Ne5 Bxe5 22. dxe5 Nd7 23. Qh5 f5 24. Bxh6 gxh6 25. Qg6+ Kh8 26. Qxh6+ Kg8 27. Qg6+ Kh8 28. Re3 1-0

[Event "Oberliga NRW 0304"]
[Site "Germany"]
[Date "2004.02.08"]
[Round "6.7"]
[White "Busse, Helmut"]
[Black "Klasmeier, Hartmut"]
[Result "1/2-1/2"]
[WhiteElo "2054"]
[BlackElo "2004"]
[PlyCount "27"]
[EventDate "2003.09.28"]
[EventType "team-tourn"]
[EventRounds "9"]
[EventCountry "GER"]
[SourceTitle "CBM 098 Extra"]
[Source "ChessBase"]
[SourceDate "2004.03.10"]
[SourceVersion "2"]
[SourceVersionDate "2004.03.10"]
[SourceQuality "1"]
[WhiteTeam "Solingen II"]
[BlackTeam "Essen Borbeck"]
[WhiteTeamCountry "GER"]
[BlackTeamCountry "GER"]

1. e4 d5 2. exd5 Nf6 3. d4 Nxd5 4. Nf3 e6 5. c4 Nf6 6. Nc3 Be7 7. Bd3 Nbd7 8. 0-0 c5 9. d5 exd5 10. cxd5 0-0 11. d6 Bxd6 12. Bxh7+ Nxh7 13. Qxd6 Qb6 14. Ne4 1/2-1/2